LIBRARY & INFORMATION CENTRE, KCAET, TAVANUR

ONLINE PUBLIC ACCESS CATALOGUE (OPAC)

Letters from the underworld the genette maiden the land lady / (Record no. 4906)

MARC details
000 -LEADER
fixed length control field 00458cam a2200169ua 4500
041 ## - LANGUAGE CODE
Language code of text/sound track or separate title eng
082 ## - DEWEY DECIMAL CLASSIFICATION NUMBER
Classification number 823.308
Item number DOS/LE
100 ## - MAIN ENTRY--AUTHOR NAME
Personal name Dostoevsky, Fyodor .
245 ## - TITLE STATEMENT
Title Letters from the underworld the genette maiden the land lady /
260 ## - PUBLICATION, DISTRIBUTION, ETC. (IMPRINT)
Place of publication London :
Name of publisher J M Dent and Sons Ltd ,
Year of publication 1957.
300 ## - PHYSICAL DESCRIPTION
Number of Pages 308 ; .
942 ## - ADDED ENTRY ELEMENTS (KOHA)
Koha item type Books
Holdings
Withdrawn status Lost status Damaged status Home library Current library Date acquired Full call number Accession Number Koha item type
Withdrawn     KAUAET Sanskrit University 07/04/2012 823.308 4438 Books
free website counter